| 000 | 00726cam a22002057a 4500 | ||
|---|---|---|---|
| 020 | _a7800589307 | ||
| 040 | _cCSt-H | ||
| 082 | _a306 XIN 2001 A073 Or. | ||
| 245 | 0 | 0 | _a2001 nian Zhongguo guo min jing ji he she hui fa zhan bao gao / |
| 246 | 3 | _aEr ling ling yi nian Zhongguo guo min jing ji he she hui fa zhan bao gao | |
| 246 | 1 | 4 | _aReport on China's national economic and social development for 2001 |
| 246 | 1 | _aGuo jia fa zhan ji hua wei yuan hui | |
| 250 | _aDi 1 ban. | ||
| 260 |
_aBeijing : _bZhongguo ji hua chu ban she : _bXin hua shu dian Beijing fa xing suo fa xing, _c2001. |
||
| 300 |
_a11, 409 p. ; _c21 cm. |
||
| 700 | 1 | _aZeng, Peiyan. | |
| 700 | 1 | _aWang, Chunzheng. | |
| 710 | 1 | _aChina. | |
| 942 | _cEK | ||
| 999 |
_c15123 _d15123 |
||